Tallest Mountain in Each U.S. State - Statistics

General Stats
  • This quiz has been taken 57 times
  • The average score is 13 of 47
Answer Stats
State Mountain % Correct
Alaska Denali
100%
Oregon Hood
73%
New Hampshire Washington
73%
Colorado Elbert
68%
Washington Rainier
68%
California Whitney
68%
Hawaii Mauna Kea
59%
Montana Granite
45%
Wyoming Gannett
41%
Utah Kings
41%
Idaho Borah
32%
Nevada Boundary
32%
Massachusetts Greylock
32%
Maine Katahdin
32%
Vermont Mansfield
32%
New York Marcy
32%
North Carolina Mitchell
32%
Kentucky Black
27%
South Dakota Black Elk
27%
Texas Guadalupe
27%
New Jersey High Point
27%
New Mexico Wheeler
23%
Illinois Charles
18%
Iowa Hawkeye
18%
Indiana Hoosier
18%
Arizona Humphrey
18%
West Virginia Spruce
18%
Kansas Sunflower
18%
Oklahoma Black Mesa
14%
Georgia Brasstown Bald
14%
Pennsylvania Davis
14%
Louisiana Driskill
14%
Connecticut Frissell
14%
Tennessee Kuwohi
14%
Arkansas Magazine
14%
Virginia Rogers
14%
North Dakota White Butte
14%
Mississippi Woodall
14%
Michigan Arvon
9%
Ohio Campbell
9%
Alabama Cheaha
9%
Minnesota Eagle
9%
South Carolina Sassafras
9%
Missouri Taum Sauk
9%
Wisconsin Timms
9%
Nebraska Hogback
5%
Maryland Wild Turkey
5%
No matching quizzes found
Score Distribution
Percent of People with Each Score
Percentile by Number Answered
Your Score History
You have not taken this quiz